Maya 8 : (Record no. 5813)

MARC details
000 -LEADER
fixed length control field 00597 a2200193 4500
010 ## - LCCN (DPL NO)
LC control number ENG-87054
020 ## - INTERNATIONAL STANDARD BOOK NUMBER
International Standard Book Number 0070659540
Terms of availability 625.00
035 ## - SYSTEM CONTROL NUMBER
System control number EN-70587
037 ## - SOURCE OF ACQUISITION
Source of stock number/acquisition DBAD / PUB
082 14 - DEWEY DECIMAL CLASSIFICATION NUMBER
Classification number 006.696
100 ## - MAIN ENTRY--PERSONAL NAME
Personal name Meade, Tom
245 1# - TITLE STATEMENT
Title Maya 8 :
Statement of responsibility, etc by Tom Meade [and] Shinsaku Arima
Remainder of title the complete reference /
260 ## - PUBLICATION, DISTRIBUTION, ETC. (IMPRINT)
Place of publication, distribution, etc New Delhi
Name of publisher, distributor, etc Tata McGraw-Hill Publishing
Date of publication, distribution, etc 2007
270 ## - ADDRESS
Address 7, West Patel Nagar
City New Delhi
Postal code 110 008
300 ## - PHYSICAL DESCRIPTION
Extent xxviii, 691p
Dimensions 24cm (pbk)
Accompanying material CD-ROM
500 ## - GENERAL NOTE
General note includes index
700 ## - ADDED ENTRY--PERSONAL NAME
Personal name Arima, Shinsaku
942 ## - ADDED ENTRY ELEMENTS (KOHA)
Institution code [OBSOLETE] dpl
Item type English Books
Source of classification or shelving scheme Dewey Decimal Classification
Classification part 006.696
Call number suffix MEA
Holdings
Withdrawn status Lost status Not for loan Collection code Home library Current library Source of acquisition Cost, normal purchase price Full call number Barcode Copy number Cost, replacement price Koha item type
    Not For Loan Non-fiction D.B.Act.Division D.B.Act.Division DBAD/PUB 625.00 006.696 MEA EN-70587 1 625.00 English Books

© Delhi Public Library
Hit Counter
free hit counter